Digital Electronics Principles and Applications (Record no. 1608)

MARC details
000 -LEADER
fixed length control field 00362nam a2200145Ia 4500
008 - FIXED-LENGTH DATA ELEMENTS--GENERAL INFORMATION
fixed length control field 191201s2004 xx 000 0 und d
082 ## - DEWEY DECIMAL CLASSIFICATION NUMBER
Classification number 621.381958
Item number TOD
100 ## - MAIN ENTRY--PERSONAL NAME
Personal name TOKHEIM, Roger L
245 #0 - TITLE STATEMENT
Title Digital Electronics Principles and Applications
250 ## - EDITION STATEMENT
Edition statement 6th
260 ## - PUBLICATION, DISTRIBUTION, ETC. (IMPRINT)
Place of publication, distribution, etc N.Delhi
Name of publisher, distributor, etc TMH
Date of publication, distribution, etc 2004
300 ## - PHYSICAL DESCRIPTION
Extent 548
650 ## - SUBJECT ADDED ENTRY--TOPICAL TERM
Topical term or geographic name as entry element B.Tech(ECE)
942 ## - ADDED ENTRY ELEMENTS (KOHA)
Source of classification or shelving scheme Dewey Decimal Classification
Koha item type Text Books
Holdings
Withdrawn status Lost status Source of classification or shelving scheme Damaged status Not for loan Collection code Home library Current library Date acquired Source of acquisition Cost, normal purchase price Bill Number Total Checkouts Full call number Acc. no. / Barcode Date last seen Bill Date Koha item type Date last borrowed
    Dewey Decimal Classification     B.Tech(ECE) PIET C-LIBRARY PIET C-LIBRARY 18/08/2006 M/s UDH , Delhi 275.00 125382   621.381958 TOD 2766 04/12/2019 23/08/2005 Text Books  
    Dewey Decimal Classification     B.Tech(ECE) PIET C-LIBRARY PIET C-LIBRARY 18/08/2006 M/s UDH , Delhi 275.00 125382   621.381958 TOD 2767 04/12/2019 23/08/2005 Text Books  
    Dewey Decimal Classification     B.Tech(ECE) PIET C-LIBRARY PIET C-LIBRARY 18/08/2006 M/s UDH , Delhi 275.00 125382   621.381958 TOD 2768 04/12/2019 23/08/2005 Text Books  
    Dewey Decimal Classification     B.Tech(ECE) PIET C-LIBRARY PIET C-LIBRARY 05/09/2006 M/s UBS, Delhi 250.00 125382 1 621.381958 TOD 3505 09/01/2023 23/08/2005 Text Books 16/12/2022
    Dewey Decimal Classification     B.Tech(ECE) PIET C-LIBRARY PIET C-LIBRARY 05/09/2006 M/s UBS, Delhi 250.00 125382   621.381958 TOD 3506 04/12/2019 23/08/2005 Text Books  

Design & Developed by: PIET Central Library
R70 Miles Stone Pattikalyana Samalkha Panipat 132102
mail ID :- [email protected], Phone No:- 0180-2569700 Ex.216